banner-ar

LEVITAN / (Record no. 7867)

MARC details
000 -الفاتح
حقل البيانات ثابتة الطول 00570nam a2200217Ia 4500
008 - عناصر البيانات ثابتة الطول - معلومات عامة
حقل البيانات ثابتة الطول 140319s9999 xx 000 0 eng d
040 ## - مصدر الفهرسة
وكالة الفهرسة الأصلية GCL /
وكالة النسخ GCL
082 04 - رقم تصنيف ديوى العشرى
رقم التصنيف 759
رقم المادة G L
100 1# - المدخل الرئيسى - إسم شخصى
الإسم الشخصى FIODOROV - DAVYDOV, ALEXEI
245 10 - بيان العنوان
العنوان LEVITAN /
بيان المسئوليه,etc FIODOROV - DAVYDOV, ALEXEI
700 1# - المدخل الاضافى - اسم شخصى
الإسم الشخصى YUROVA, TAMARA
700 1# - المدخل الاضافى - اسم شخصى
الإسم الشخصى BORODIN, ALEXANDER
300 ## - الوصف المادى
التعداد 187 P
تفاصيل ماديه اخرى للوعاء ILL. ؛
أبعاد الوعاء 28 cm.
650 04 - المدخل الاضافى بالموضوع-مصطلح موضوعى
مصطلح موضوعي ARTS
650 04 - المدخل الاضافى بالموضوع-مصطلح موضوعى
مصطلح موضوعي PAINTING
650 04 - المدخل الاضافى بالموضوع-مصطلح موضوعى
مصطلح موضوعي PAINTERS
650 04 - المدخل الاضافى بالموضوع-مصطلح موضوعى
مصطلح موضوعي LEVITAN, ISAAC 1860 - 1900
942 ## - عناصر المدخل الإضافي( كوها)
مصدر التصنيف او مخطط الترفيف Dewey Decimal Classification
Koha [default] item type كتاب
260 ## - PUBLICATION, DISTRIBUTION, ETC. (IMPRINT)
-- روسيا :
-- AURORA ART PUBLISHERS
Holdings
حالة التراجع حالة الفقد حالة تلف ليس للاعارة المكان المؤقت الموقع الحالى تاريخ الاكتساب اجمالي اﻻعارات رقم الطلب الباركود تاريخ اخر مشاهدة تاريخ تفعيل السعر نوع وعاء كوها
        مكتبة القاهرة الكبرى مكتبة القاهرة الكبرى 03/26/2014   759\G L 16174 03/26/2014 03/26/2014 كتاب
        مكتبة القاهرة الكبرى مكتبة القاهرة الكبرى 03/26/2014   759\G L 16175 03/26/2014 03/26/2014 كتاب
        مكتبة القاهرة الكبرى مكتبة القاهرة الكبرى 03/26/2014   759\G L 16176 03/26/2014 03/26/2014 كتاب

Powered By

EGPV